El general Sucre / (Record no. 117997)

MARC details
000 -LEADER
campo de control de longitud fija 00633nam a2200205 i 4500
001 - NÚMERO DE CONTROL
campo de control 117997
003 - IDENTIFICADOR DE NÚMERO DE CONTROL
campo de control ES-MaACL
005 - FECHA Y HORA DE LA ÚLTIMA TRANSACCIÓN
campo de control 20251009195157.0
007 - CAMPO FIJO DE DESCRIPCIÓN FÍSICA--INFORMACIÓN GENERAL
campo de control de longitud fija t|
008 - DATOS DE LONGITUD FIJA--INFORMACIÓN GENERAL
campo de control de longitud fija 070214s1917 sp r ||||1| spa d
100 1# - ENTRADA PRINCIPAL--NOMBRE DE PERSONA
Nombre de persona Pereyra, Carlos,
Fechas asociadas al nombre 1871-1942
9 (RLIN) 90541
245 13 - MENCIÓN DEL TÍTULO
Título El general Sucre /
Mención de responsabilidad, etc. Carlos Pereyra.
260 ## - PUBLICACIÓN, DISTRIBUCIÓN, ETC.
Lugar de publicación, distribución, etc. Madrid :
Nombre del editor, distribuidor, etc. Juan Pueyo,
Fecha de publicación, distribución, etc. 1917.
300 ## - DESCRIPCIÓN FÍSICA
Extensión 304 p. ;
Dimensiones 20 cm.
600 17 - PUNTO DE ACCESO ADICIONAL DE MATERIA--NOMBRE DE PERSONA
Nombre de persona Sucre, Antonio José de,
Fechas asociadas al nombre 1795-1830
Fuente del encabezamiento o término
9 (RLIN) 159067
651 #4 - PUNTO DE ACCESO ADICIONAL DE MATERIA--NOMBRE GEOGRÁFICO
Nombre geográfico América española-
Subdivisión general Historia-
Subdivisión cronológica 1806-1830, Guerras de la Independencia.
9 (RLIN) 7726
852 ## - LOCALIZACIÓN
Ubicación ES-MaACL
Número de control de estantería F-4479
852 ## - LOCALIZACIÓN
Ubicación ES-MaACL
Número de control de estantería F-8445
Holdings
Estatus retirado Estado de pérdida Estado de daño No para préstamo Biblioteca de origen Biblioteca actual Ubicación en estantería Fecha de adquisición Fuente de adquisición Total de préstamos Signatura topográfica completa Código de barras Visto por última vez Precio de reemplazo Tipo de ítem Koha
        Biblioteca del Ateneo de Madrid Biblioteca del Ateneo de Madrid Sala Pecera Planta 2 17/01/2008     F-8445 1123015 23/02/2023 23/02/2023 Libro impreso
        Biblioteca del Ateneo de Madrid Biblioteca del Ateneo de Madrid Depósito 2 17/01/2008     F-4479 1123014 23/02/2023 23/02/2023 Libro impreso